000 00218 a2200109 4500
001 12608
090 _c9620
_d9620
100 _aAnderson,J.L
245 _aFall of Baghdad
260 _bLittle Brown
_c2005
300 _ax, 389 p.
942 _aNUST-CAE
999 _c247681
_d247681